Annual Economic Review 2025 (Record no. 22086)
[ view plain ]
| 000 -LEADER | |
|---|---|
| fixed length control field | 01502nam a22004697a 4500 |
| 003 - CONTROL NUMBER IDENTIFIER | |
| control field | IBSLLIB |
| 005 - DATE AND TIME OF LATEST TRANSACTION | |
| control field | 20260428123145.0 |
| 008 - FIXED-LENGTH DATA ELEMENTS--GENERAL INFORMATION | |
| fixed length control field | 260428b |||||||| |||| 00| 0 eng d |
| 020 ## - INTERNATIONAL STANDARD BOOK NUMBER | |
| International Standard Book Number | 9786246764258 |
| 040 ## - CATALOGING SOURCE | |
| Original cataloging agency | IBSLLIB |
| Language of cataloging | English |
| 041 ## - LANGUAGE CODE | |
| Language code of original | eng |
| 082 ## - DEWEY DECIMAL CLASSIFICATION NUMBER | |
| Classification number | 332.11 |
| Item number | CEN |
| 110 ## - MAIN ENTRY--CORPORATE NAME | |
| Corporate name or jurisdiction name as entry element | Central Bank of Sri Lanka |
| 245 ## - TITLE STATEMENT | |
| Title | Annual Economic Review 2025 |
| 250 ## - EDITION STATEMENT | |
| Edition statement | 2025 |
| 260 ## - PUBLICATION, DISTRIBUTION, ETC. (IMPRINT) | |
| Place of publication, distribution, etc. | Colombo : |
| Name of publisher, distributor, etc. | CBSL , |
| Date of publication, distribution, etc. | 2026 |
| 300 ## - PHYSICAL DESCRIPTION | |
| Extent | 147 p. ; |
| Dimensions | 28 cm , |
| 500 ## - GENERAL NOTE | |
| General note | This report is published in fulfillment of the statutory requirement stipulated under section 80 (3) of the Central Bank of Sri Lanka Act, No 16 of 2023. |
| 505 ## - FORMATTED CONTENTS NOTE | |
| Formatted contents note | Macroeconomic Developments |
| 505 ## - FORMATTED CONTENTS NOTE | |
| Formatted contents note | Condition of the Financial System |
| 505 ## - FORMATTED CONTENTS NOTE | |
| Formatted contents note | Review of the Central Bank's Policies |
| 505 ## - FORMATTED CONTENTS NOTE | |
| Formatted contents note | Macroeconomic Outlook |
| 650 ## - SUBJECT ADDED ENTRY--TOPICAL TERM | |
| Topical term or geographic name as entry element | Central Banking |
| 653 ## - INDEX TERM--UNCONTROLLED | |
| Uncontrolled term | Macroeconomic developments |
| 653 ## - INDEX TERM--UNCONTROLLED | |
| Uncontrolled term | inflation |
| 653 ## - INDEX TERM--UNCONTROLLED | |
| Uncontrolled term | price developments |
| 653 ## - INDEX TERM--UNCONTROLLED | |
| Uncontrolled term | real sector developments |
| 653 ## - INDEX TERM--UNCONTROLLED | |
| Uncontrolled term | economic growth |
| 653 ## - INDEX TERM--UNCONTROLLED | |
| Uncontrolled term | economic infrastructure |
| 653 ## - INDEX TERM--UNCONTROLLED | |
| Uncontrolled term | monetary sector developments |
| 653 ## - INDEX TERM--UNCONTROLLED | |
| Uncontrolled term | external sector developments |
| 653 ## - INDEX TERM--UNCONTROLLED | |
| Uncontrolled term | external debt |
| 653 ## - INDEX TERM--UNCONTROLLED | |
| Uncontrolled term | fiscal sector developments |
| 653 ## - INDEX TERM--UNCONTROLLED | |
| Uncontrolled term | central government debt |
| 653 ## - INDEX TERM--UNCONTROLLED | |
| Uncontrolled term | government revenue |
| 653 ## - INDEX TERM--UNCONTROLLED | |
| Uncontrolled term | financial inclusion |
| 653 ## - INDEX TERM--UNCONTROLLED | |
| Uncontrolled term | sustainable finance |
| 653 ## - INDEX TERM--UNCONTROLLED | |
| Uncontrolled term | monetary policy framework |
| 653 ## - INDEX TERM--UNCONTROLLED | |
| Uncontrolled term | global economic environment |
| 653 ## - INDEX TERM--UNCONTROLLED | |
| Uncontrolled term | domestic economic |
| 942 ## - ADDED ENTRY ELEMENTS (KOHA) | |
| Koha item type | Annual Report |
| Withdrawn status | Lost status | Damaged status | Not for loan | Collection code | Permanent Location | Current Location | Shelving location | Date acquired | Source of acquisition | Cost, normal purchase price | Inventory number | Full call number | Barcode | Koha item type |
|---|---|---|---|---|---|---|---|---|---|---|---|---|---|---|
| Reference Collection | IBSL Library | IBSL Library | Reference Section | 28/04/2026 | Donation - CBSL | 800.00 | 10829 | 332.11 CEN | 10829 | Annual Report | ||||
| Reference Collection | IBSL Library | IBSL Library | Reference Section | 28/04/2026 | Donation - CBSL | 800.00 | 10830 | 332.11 CEN | 10830 | Annual Report |
